عرض عادي
عرض مارك
- الإجراءات الجنائية
دخول Topical Term
001 - CONTROL NUMBER
- control field: 27926
003 - CONTROL NUMBER IDENTIFIER
- control field: AE-AdECS
005 - DATE AND TIME OF LATEST TRANSACTION
- control field: 20260326115503.0
008 - FIXED-LENGTH DATA ELEMENTS
- fixed length control field: 260326|| aca||aabn | a|a d
040 ## - CATALOGING SOURCE
- Original cataloging agency: AE-AdECS
- Transcribing agency: AE-AdECS
150 ## - HEADING--TOPICAL TERM
- Topical term or geographic name entry element: الإجراءات الجنائية
- General subdivision: في الجرائم الإلكترونية
670 ## - SOURCE DATA FOUND
- Source citation: Work cat.: (AE-AdECS)294572: قوقزة، أشرف علي مؤلف. 27925, الأدلة الرقمية في إثبات الجرائم الإلكترونية في التشريع الأردني :
